[Event "AUTO-OPEN-4526"]
[Site "http://www.queenalice.com/game.php?id=1867342"]
[Date "2025.12.23"]
[Round "2"]
[White "josebaron"]
[Black "Shizumaru_Hisame"]
[Result "1-0"]
[WhiteElo "2173"]
[BlackElo "2012"]

1. e4 d5 2. exd5 Qxd5 3. d4 Bf5 4. Nc3 Qd7 5. Nf3 Nc6 6. Bb5 O-O-O 7. O-O Qd6 8.
Bxc6 bxc6 9. Be3 f6 10. Qe2 Kd7 11. a3 Ke8 12. Nh4 Bc8 13. Qh5+ Kd7 14. Ng6 hxg6
15. Qxh8 Nh6 16. Bxh6 gxh6 17. Ne4 Qf4 18. Nc5+ Ke8 19. Qg8 Bf5 20. c3 Rd6 21.
Rfe1 h5 22. Re3 Rxd4 23. cxd4 Qxd4 24. Ne6 Bxe6 25. Rxe6 Kd7 26. Rae1 Bh6 27.
Rxe7+ Kd6 28. Qd8+ Kc5 29. Qxd4+ Kxd4 30. Rxc7 1-0

[Event "AUTO-ADV-4912"]
[Site "http://www.queenalice.com/game.php?id=1867884"]
[Date "2026.1.11"]
[Round "1"]
[White "kuntakinte"]
[Black "Shizumaru_Hisame"]
[Result "0-1"]
[WhiteElo "1701"]
[BlackElo "1998"]

1. e4 d5 2. e5 d4 3. d3 Nc6 4. Nf3 Bg4 5. Be2 f6 6. e6 Qd6 7. h3 Bxe6 8. c3
O-O-O 9. c4 Bf7 10. b3 Re8 11. Ba3 Qd8 12. O-O g5 13. Nbd2 h5 14. Nh2 f5 15. Bf3
Ne5 16. Bb2 Nxd3 17. Qc2 Nxb2 18. Qxb2 g4 19. hxg4 hxg4 20. Be2 e5 21. g3 Nf6
22. f3 gxf3 23. Rxf3 Qd7 24. Rf2 Bc5 25. b4 Bd6 26. c5 Be7 27. Rc1 d3 28. Bf3 e4
29. Bxe4 fxe4 30. Nxe4 Nxe4 31. Rxf7 d2 32. Rd1 Qh3 33. Rxd2 Qxg3+ 34. Kf1 Nxd2+
35. Qxd2 Rxh2 0-1

[Event "AUTO-ADV-4912"]
[Site "http://www.queenalice.com/game.php?id=1867885"]
[Date "2026.1.11"]
[Round "1"]
[White "Shizumaru_Hisame"]
[Black "kuntakinte"]
[Result "1-0"]
[WhiteElo "1993"]
[BlackElo "1706"]

1. e4 e5 2. Bc4 Nf6 3. Nc3 c6 4. Nf3 d6 5. Ng5 d5 6. exd5 cxd5 7. Bb3 Bg4 8. f3
Bh5 9. Qe2 Bc5 10. Qxe5+ Be7 11. Nxd5 Nxd5 12. Bxd5 f6 13. Ne6 fxe5 14. Nxd8 Nd7
15. Nxb7 Rc8 16. c3 Nc5 17. Nxc5 Rxc5 18. Be4 O-O 19. O-O Bd8 20. b3 Bb6 21. Kh1
Rc7 22. Bb2 Re7 23. Ba3 Bd8 24. Bxe7 Bxe7 25. g4 Be8 26. d4 exd4 27. cxd4 Bf6
28. Rad1 a5 29. d5 Bb5 30. Rg1 Bg5 31. d6 Be3 32. Rg2 Bg5 33. Rd5 Bf1 34. Rf2
Ba6 35. Rxg5 1-0

[Event "AUTO-ADV-4912"]
[Site "http://www.queenalice.com/game.php?id=1867896"]
[Date "2026.1.11"]
[Round "1"]
[White "Eder_Dionatan_Silva_Machado"]
[Black "Shizumaru_Hisame"]
[Result "0-1"]
[WhiteElo "1610"]
[BlackElo "1903"]

1. e4 d5 2. Nc3 e6 3. Bb5+ Nc6 4. exd5 exd5 5. Qe2+ Be7 6. d3 h6 7. Qf3 Nf6 8.
Be3 Bg4 9. Qg3 Qd7 10. h3 Bh5 0-1

[Event "AUTO-ADV-4912"]
[Site "http://www.queenalice.com/game.php?id=1867902"]
[Date "2026.1.11"]
[Round "1"]
[White "SGF"]
[Black "Shizumaru_Hisame"]
[Result "0-1"]
[WhiteElo "1722"]
[BlackElo "2007"]

1. e4 d5 2. Qf3 dxe4 3. Qxe4 Nf6 4. Qf3 Nc6 5. c3 Bg4 6. Qg3 e6 7. Be2 Bd6 8.
Qh4 Bf5 9. d4 Ne7 10. g4 Bxb1 11. Rxb1 Qd7 12. Bg5 Neg8 13. b3 O-O-O 14. a4 Qc6
15. Bf3 Qxc3+ 16. Bd2 Qxd4 17. Ne2 Qd3 18. Rd1 Bb4 19. Qg3 Bxd2+ 20. Kf1 Ne4 21.
Qh3 Nc3 22. Bxb7+ Kxb7 23. Qxd3 Rxd3 24. Nxc3 Rxc3 25. Rxd2 Nf6 26. h3 Rxb3 27.
Ra2 Rc8 28. Kg2 c5 29. a5 c4 30. a6+ Kb6 31. Rd1 Nd5 32. f3 Ne3+ 33. Kg3 Nxd1
34. h4 c3 35. h5 c2 36. Rxc2 Rxc2 37. Kf4 f6 38. Ke4 Rc4# 0-1

[Event "AUTO-ADV-4912"]
[Site "http://www.queenalice.com/game.php?id=1867903"]
[Date "2026.1.11"]
[Round "1"]
[White "Shizumaru_Hisame"]
[Black "SGF"]
[Result "1-0"]
[WhiteElo "2002"]
[BlackElo "1727"]

1. d4 e6 2. e4 Bb4+ 3. Bd2 Bxd2+ 4. Nxd2 Qf6 5. e5 Qf4 6. Ngf3 h6 7. Bd3 a6 8.
g3 Qg4 9. h3 Qh5 10. g4 Qg5 11. Nxg5 hxg5 12. Qe2 b5 13. O-O-O Bb7 14. Be4 Bxe4
15. Nxe4 Ne7 16. Nxg5 Nbc6 17. Qe4 a5 18. Qf3 O-O 19. Qg3 Nb4 20. Qh4 Rfc8 21.
Nxe6 Ng6 22. Qg3 dxe6 23. h4 Nxa2+ 24. Kb1 Nb4 25. h5 Ne7 26. g5 Nf5 27. Qg1 Rd8
28. f4 Nc6 29. c3 b4 30. h6 gxh6 31. gxh6+ Kh7 32. Rd2 bxc3 33. bxc3 a4 34. Rh5
Rg8 35. Rg5 Nxh6 36. Rh2 Ne7 37. Rxh6+ Kxh6 38. Qh1# 1-0

[Event "AUTO-ADV-4915"]
[Site "http://www.queenalice.com/game.php?id=1868440"]
[Date "2026.1.26"]
[Round "1"]
[White "game"]
[Black "Shizumaru_Hisame"]
[Result "0-1"]
[WhiteElo "1683"]
[BlackElo "1991"]

1. e4 d5 2. Nc3 d4 3. Nb5 a6 4. Na3 e5 5. Nf3 Nc6 6. Nc4 f6 7. d3 Bg4 8. Be2 Bd6
9. Nh4 Bd7 10. Nf5 Bxf5 11. exf5 Nge7 12. Bg4 Qd7 13. Bd2 Bc5 14. Qe2 Nxf5 15.
Qf3 g6 16. O-O-O O-O-O 17. Bh3 h5 18. c3 Nce7 19. Na5 Qb5 20. c4 Qb6 21. Kb1 Ba3
22. b3 Bb4 23. Bxb4 Qxb4 24. Nxb7 Qxb7 25. Qe2 Kb8 26. Rd2 Rd6 27. Rb2 Rb6 28.
Qc2 Nh4 29. a4 a5 30. Bd7 Qxg2 31. Rc1 Nc6 32. c5 Nb4 33. Qc4 Ra6 34. Qb5+ Ka8
35. f4 Qf3 36. c6 Rb8 37. Qc5 Nxd3 38. Qc4 Rab6 39. Rc3 Qd1+ 40. Ka2 Nxb2 41.
Kxb2 exf4 42. Rd3 Qe2+ 43. Kc1 f3 44. Rxd4 Qxc4+ 45. Rxc4 Ng2 46. Kc2 f2 47. Rc5
Ra6 48. Be6 f1=Q 49. Bc4 Ne3+ 50. Kc3 Nxc4 51. Rxc4 Qf3+ 0-1

[Event "AUTO-ADV-4915"]
[Site "http://www.queenalice.com/game.php?id=1868441"]
[Date "2026.1.26"]
[Round "1"]
[White "Shizumaru_Hisame"]
[Black "game"]
[Result "1-0"]
[WhiteElo "1990"]
[BlackElo "1655"]

1. d4 d5 2. Bg5 Nc6 3. e3 h6 4. Bh4 Nf6 5. Bb5 Bd7 6. Nc3 e6 7. a3 Be7 8. Nf3
Na5 9. Qd3 Ng4 10. Bg3 Bc6 11. h3 Nf6 12. Ne5 O-O 13. O-O-O Nh5 14. Bh2 Bg5 15.
f4 Be7 16. g4 Nf6 17. g5 hxg5 18. fxg5 Nh5 19. g6 fxg6 20. Nxg6 Rf7 21. Qe2 Rf5
22. Bd3 Rf7 23. Qxh5 Rf6 24. Qh8+ Kf7 25. Ne5# 1-0

[Event "AUTO-ADV-4915"]
[Site "http://www.queenalice.com/game.php?id=1868458"]
[Date "2026.1.26"]
[Round "1"]
[White "Shizumaru_Hisame"]
[Black "Daniel1962"]
[Result "0-1"]
[WhiteElo "2012"]
[BlackElo "1748"]

1. e4 e6 2. d4 d5 3. exd5 exd5 4. a3 Bf5 5. Nc3 c6 6. Bd2 Nf6 7. f3 Qb6 8. Bc1
Bd6 9. g3 Nbd7 10. Qe2+ Be7 11. Be3 Qxb2 12. Rb1 Qxc3+ 13. Kf2 O-O-O 14. a4 Qa5
15. Ra1 h6 16. c4 dxc4 17. Qxc4 Nd5 18. Ne2 g5 19. Nc3 N7b6 20. Qb3 Nxc3 21.
Qxf7 Bb4 22. Bb5 Rdf8 23. Qb3 cxb5 24. axb5 Qxb5 25. Rhc1 Be4 26. Rxc3+ Kb8 27.
f4 gxf4 28. Bxf4+ Rxf4+ 29. gxf4 Rf8 30. Ke3 Bd5 31. Rc5 Bd2+ 32. Kxd2 Qxb3 33.
Rac1 Nc4+ 34. Ke1 Qe3+ 35. Kd1 Qd2# 0-1

[Event "AUTO-ADV-4915"]
[Site "http://www.queenalice.com/game.php?id=1868459"]
[Date "2026.1.26"]
[Round "1"]
[White "Daniel1962"]
[Black "Shizumaru_Hisame"]
[Result "0-1"]
[WhiteElo "1754"]
[BlackElo "1995"]

1. e4 d5 2. d3 dxe4 3. Bf4 exd3 4. Bxd3 Bd7 5. Qf3 Bc6 6. Qg3 Qd5 7. f3 Nd7 8.
Bxc7 e5 9. Ba5 Qxa5+ 10. Nc3 g6 11. Ne2 Qb6 12. b3 Ba3 13. Be4 Ngf6 14. Bxc6
bxc6 15. Na4 Qe3 16. Rd1 O-O 17. Rd3 Qh6 18. c4 e4 19. fxe4 Nxe4 20. Qe3 Qxe3
21. Rxe3 Bb4+ 22. Nec3 Nec5 23. Nxc5 Nxc5 24. O-O Nxb3 25. axb3 Bc5 26. Rf3
Bxe3+ 27. Rxe3 Rfe8 28. Rd3 a5 29. Na4 Re1+ 30. Kf2 Rb1 31. Nc5 Rb8 32. g4 h5
33. gxh5 Rb2+ 34. Kg3 Kh7 35. hxg6+ fxg6 36. h4 Re8 37. Kg4 Rf2 38. Rd6 Rg8 39.
Ne4 Rff8 40. Rxc6 Rg7 41. Ng5+ Kh6 42. Ne6 Rf6 43. Nxg7 Rxc6 44. Ne8 Rb6 45. Kf4
Rxb3 46. Nd6 a4 47. c5 Rc3 48. Ne4 Rc2 49. Ke5 a3 50. Kd5 a2 51. c6 a1=Q 52. Kd6
Qd4+ 0-1

[Event "AUTO-OPEN-4638"]
[Site "http://www.queenalice.com/game.php?id=1869103"]
[Date "2026.2.10"]
[Round "1"]
[White "dosoldini"]
[Black "Shizumaru_Hisame"]
[Result "0-1"]
[WhiteElo "1698"]
[BlackElo "1987"]

1. e4 d5 2. e5 d4 3. d3 Bd7 4. Bd2 Bb5 5. Ne2 Nc6 6. c3 Nxe5 7. Nxd4 Nxd3+ 8.
Bxd3 Bxd3 9. Qa4+ Qd7 10. Qb3 O-O-O 11. Qxf7 Qg4 12. Ne6 Qe2# 0-1

[Event "AUTO-OPEN-4638"]
[Site "http://www.queenalice.com/game.php?id=1869104"]
[Date "2026.2.10"]
[Round "1"]
[White "Shizumaru_Hisame"]
[Black "dosoldini"]
[Result "1-0"]
[WhiteElo "1941"]
[BlackElo "1694"]

1. e4 e5 2. Bc4 Nf6 3. d3 Nc6 4. f4 Bc5 5. Nf3 Ng4 6. fxe5 Nf2 7. Qe2 Nxh1 8.
Be3 Bxe3 9. Qxe3 Nxe5 10. Bxf7+ Nxf7 11. Nc3 g5 12. O-O-O g4 13. Nd2 a5 14. Rxh1
d6 15. Rf1 c6 16. Kb1 Be6 17. d4 Qb6 18. Qd3 Rd8 19. d5 Ne5 20. Qe2 Bd7 21. h3
c5 22. a4 Ra8 23. Rf4 Ng6 24. Rf5 Bxf5 25. exf5+ Ne5 26. hxg4 Qb4 27. Nde4 Kd7
28. g5 Nc4 29. Nf6+ Kd8 30. b3 Nb6 31. Nb5 Nc4 32. Qe6 1-0

[Event "AUTO-ADV-4919"]
[Site "http://www.queenalice.com/game.php?id=1869310"]
[Date "2026.2.15"]
[Round "1"]
[White "Daniel1962"]
[Black "Shizumaru_Hisame"]
[Result "1-0"]
[WhiteElo "1708"]
[BlackElo "1917"]

1. g3 e5 2. Bg2 d5 3. Nc3 Nf6 4. d3 Bb4 5. Bd2 Bxc3 6. Bxc3 Nc6 7. Nf3 d4 8. Bd2
h6 9. e4 dxe3 10. Bxe3 Qe7 11. O-O Bd7 12. c4 O-O-O 13. a3 Rdg8 14. b4 Ng4 15.
Bc5 Qe8 16. b5 Nd8 17. Bxa7 b6 18. Nd2 f5 19. Qa4 Qe6 20. Qa6+ Nb7 21. Qxb7+ Kd8
22. Qb8+ Ke7 23. Qxc7 Kf7 24. Bd5 Qxd5 25. cxd5 Nf6 26. Qxe5 Bxb5 27. Qe6+ Kg6
28. Nf3 Bxd3 29. Ne5+ Kh7 30. Nxd3 Rd8 31. Qxf5+ Kg8 32. Bxb6 Rxd5 33. Qe6+ Kh7
34. Nf4 Rb5 35. Rfd1 Rb8 36. Bd8 1-0

[Event "AUTO-ADV-4919"]
[Site "http://www.queenalice.com/game.php?id=1869311"]
[Date "2026.2.15"]
[Round "1"]
[White "Shizumaru_Hisame"]
[Black "Daniel1962"]
[Result "1-0"]
[WhiteElo "1930"]
[BlackElo "1727"]

1. d4 d5 2. Bd2 Bf5 3. Bb4 Nc6 4. Bc5 b6 5. Ba3 Nf6 6. e3 Ne4 7. Bb5 Bd7 8. f3
Nd6 9. Ba4 Nc4 10. e4 Nxa3 11. Nxa3 dxe4 12. fxe4 e6 13. d5 exd5 14. Qxd5 Bxa3
15. bxa3 O-O 16. Bxc6 Bxc6 17. Qxc6 Re8 18. Nf3 h6 19. O-O Re6 20. Qc4 c5 21. a4
a5 22. Rad1 Qf6 23. e5 Qf5 24. Rd7 g5 25. Nxg5 Qxg5 26. Rfxf7 Qe3+ 27. Kh1 Qe1+
28. Rf1 Qxe5 29. h3 Rf8 30. Qg4+ Qg5 31. Qxe6+ 1-0

[Event "AUTO-ADV-4919"]
[Site "http://www.queenalice.com/game.php?id=1869326"]
[Date "2026.2.15"]
[Round "1"]
[White "Capixabba789"]
[Black "Shizumaru_Hisame"]
[Result "1-0"]
[WhiteElo "1816"]
[BlackElo "1938"]

1. d4 d5 2. Nc3 h6 3. f4 Nf6 4. Nf3 e6 5. e3 Bd7 6. Bd3 Nc6 7. O-O Bd6 8. Ne5
Qe7 9. Qf3 O-O-O 10. a3 Rdg8 11. b4 Qf8 12. Bb2 Be8 13. Nb5 Be7 14. Nxc6 bxc6
15. Nc3 Nd7 16. Na4 f6 17. Nc5 Nb8 18. Nxe6 Qf7 19. Bf5 Kb7 20. Nc5+ Kb6 21. Be6
Qf8 22. Bxg8 Qxg8 23. a4 Bxc5 24. dxc5+ Kb7 25. b5 Bg6 26. bxc6+ Kxc6 27. f5 Bf7
28. c4 Kxc5 29. cxd5 Bxd5 30. Rfc1+ Kd6 31. e4 Bb7 32. e5+ fxe5 33. Qxb7 c6 34.
Rd1+ Kc5 35. Rac1+ 1-0